[Event "Hastings Weekend op"]
[Site "Hastings"]
[Date "2023.01.07"]
[Round "1"]
[White "Badacsonyi, Stanley Ethan Artie"]
[Black "Broom, Mark"]
[Result "1/2-1/2"]
[WhiteElo "1856"]
[BlackElo "2150"]
[PlyCount "37"]
[EventDate "2023.01.07"]
[EventType "swiss"]
[EventRounds "5"]
[EventCountry "ENG"]
[SourceTitle "CBM 212 Extra"]
[Source "ChessBase"]
[SourceDate "2023.03.31"]
[SourceVersion "1"]
[SourceVersionDate "2023.03.31"]
[SourceQuality "1"]

1. d4 d5 2. Nc3 Bf5 3. Bf4 c6 4. e3 Nf6 5. f3 e6 6. g4 Bg6 7. h4 h5 8. g5 Nfd7 9. Bd3 Bxd3 10. Qxd3 g6 11. Nge2 Qa5 12. e4 Be7 13. Kf2 Qa6 14. Qe3 Nb6 15. b3 N8d7 16. Kg2 Qa3 17. exd5 Nxd5 18. Nxd5 cxd5 19. Nc3 1/2-1/2

[Event "BCF-chT3 0405 (4NCL)"]
[Site "Telford"]
[Date "2005.04.16"]
[Round "7.2"]
[White "Broom, Mark"]
[Black "Rutter, Nicholas J"]
[Result "1/2-1/2"]
[WhiteElo "2193"]
[BlackElo "2136"]
[PlyCount "83"]
[EventDate "2004.11.06"]
[EventType "team-tourn"]
[EventRounds "11"]
[EventCountry "ENG"]
[SourceTitle "EXT 2006"]
[Source "ChessBase"]
[SourceDate "2005.11.24"]
[SourceVersion "1"]
[SourceVersionDate "2005.11.24"]
[SourceQuality "1"]
[WhiteTeam "The ADS II"]
[BlackTeam "Wessex II"]
[WhiteTeamCountry "ENG"]
[BlackTeamCountry "ENG"]

1. c4 c6 2. Nc3 d5 3. d4 e6 4. e3 Nf6 5. Nf3 Nbd7 6. Qc2 Bd6 7. e4 dxe4 8. Nxe4 Nxe4 9. Qxe4 Bb4+ 10. Bd2 Bxd2+ 11. Nxd2 Nf6 12. Qe3 0-0 13. Be2 Re8 14. 0-0 Qa5 15. f4 b5 16. Nb3 Qb6 17. c5 Qc7 18. Qe5 Qd7 19. Bf3 Bb7 20. g4 Rad8 21. Rad1 Nd5 22. Rfe1 f6 23. Qe4 Qc7 24. f5 Bc8 25. Qd3 a6 26. Bxd5 exd5 27. Qf3 Re7 28. Rxe7 Qxe7 29. Na5 Qc7 30. b4 Re8 31. Qg3 Qxg3+ 32. hxg3 Bd7 33. Kf2 Re4 34. Re1 Rxe1 35. Kxe1 Kf7 36. Kf2 Ke7 37. Kf3 Be8 38. Kf4 h6 39. Nb7 Bd7 40. Kf3 Be8 41. Kg2 Bd7 42. Kf3 1/2-1/2

[Event "BCF-chT3 0405 (4NCL)"]
[Site "Telford"]
[Date "2005.01.16"]
[Round "4.2"]
[White "Reynolds, D Ian W"]
[Black "Broom, Mark"]
[Result "1-0"]
[WhiteElo "2101"]
[BlackElo "2193"]
[PlyCount "87"]
[EventDate "2004.11.06"]
[EventType "team-tourn"]
[EventRounds "11"]
[EventCountry "ENG"]
[SourceTitle "EXT 2006"]
[Source "ChessBase"]
[SourceDate "2005.11.24"]
[SourceVersion "1"]
[SourceVersionDate "2005.11.24"]
[SourceQuality "1"]
[WhiteTeam "South County Stars"]
[BlackTeam "The ADS II"]
[WhiteTeamCountry "ENG"]
[BlackTeamCountry "ENG"]

1. e4 e5 2. Nf3 Nf6 3. d4 Nxe4 4. Bd3 d5 5. Nxe5 Nd7 6. Nxd7 Bxd7 7. 0-0 Bd6 8. c4 c6 9. Nc3 Nxc3 10. bxc3 0-0 11. cxd5 cxd5 12. Qh5 f5 13. c4 dxc4 14. Bxc4+ Kh8 15. Bb2 Rc8 16. Bb3 Be8 17. Qh3 Bb5 18. Rfe1 Qg5 19. Rad1 Rfe8 20. Be6 Rcd8 21. Bxf5 Rxe1+ 22. Rxe1 h6 23. Bc1 Bf4 24. Be3 Rf8 25. Be4 Qe7 26. Bxf4 Rxf4 27. Qe3 Rf8 28. d5 Bc4 29. Bf3 Qxe3 30. fxe3 Bxa2 31. Ra1 Bc4 32. Rxa7 Ba6 33. e4 Rd8 34. Kf2 Kg8 35. Be2 Bxe2 36. Kxe2 Rd7 37. Ke3 Kf7 38. Kd4 Kf6 39. e5+ Kf5 40. Ra3 g5 41. Rf3+ Kg6 42. e6 Rc7 43. d6 Rc1 44. d7 1-0

[Event "BCF-chT 0203 (4NCL)"]
[Site "West Bromwich"]
[Date "2003.04.13"]
[Round "8.6"]
[White "Broom, Mark"]
[Black "Player, Edmund C"]
[Result "1-0"]
[WhiteElo "2240"]
[BlackElo "2130"]
[PlyCount "59"]
[EventDate "2002.11.??"]
[EventType "team-tourn"]
[EventRounds "11"]
[EventCountry "ENG"]
[SourceTitle "EXT 2004"]
[Source "ChessBase"]
[SourceDate "2003.11.25"]
[SourceVersion "1"]
[SourceVersionDate "2003.11.25"]
[SourceQuality "1"]
[WhiteTeam "The ADS"]
[BlackTeam "PYO"]
[WhiteTeamCountry "ENG"]
[BlackTeamCountry "ENG"]

1. c4 e6 2. Nf3 d5 3. g3 Nf6 4. Bg2 Be7 5. 0-0 0-0 6. d4 dxc4 7. Ne5 Nbd7 8. Nxc4 c6 9. Nc3 Nb6 10. Qd3 Nfd5 11. a3 Nxc4 12. Qxc4 Qd7 13. Rd1 b5 14. Qb3 b4 15. axb4 Nxb4 16. Bf4 a5 17. e4 Bb7 18. Na4 Rfd8 19. Nb6 Qe8 20. Nxa8 Rxa8 21. Bc7 Bd8 22. Bxd8 Qxd8 23. Rac1 Qe7 24. Rc5 g6 25. Qc3 Na2 26. Qa3 Nb4 27. Rxa5 Rd8 28. Ra7 c5 29. e5 Rxd4 30. Rxd4 1-0

[Event "BCF-chT2 0102 (4NCL)"]
[Site "Birmingham"]
[Date "2002.05.05"]
[Round "10.1"]
[White "Broom, Mark"]
[Black "Shaw, John"]
[Result "1/2-1/2"]
[WhiteElo "2240"]
[BlackElo "2503"]
[PlyCount "111"]
[EventDate "2001.09.22"]
[EventType "team-tourn"]
[EventRounds "11"]
[EventCountry "ENG"]
[SourceTitle "EXT 2003"]
[Source "ChessBase"]
[SourceDate "2002.11.25"]
[SourceVersion "1"]
[SourceVersionDate "2002.11.25"]
[SourceQuality "1"]
[WhiteTeam "Beeson Gregory III"]
[BlackTeam "NW Eagles"]
[WhiteTeamCountry "ENG"]
[BlackTeamCountry "ENG"]

1. c4 e5 2. g3 Nc6 3. Bg2 f5 4. Nc3 Nf6 5. e3 d5 6. cxd5 Nb4 7. d3 Nfxd5 8. Nxd5 Nxd5 9. Nf3 Bd6 10. 0-0 c6 11. e4 fxe4 12. dxe4 Nf6 13. Bg5 h6 14. Bd2 0-0 15. Nh4 Kh7 16. Qc2 Qe7 17. f4 Bc5+ 18. Kh1 Ng4 19. f5 Rd8 20. Bf3 Ne3 21. Bxe3 Bxe3 22. Bh5 Qf6 23. Rad1 Rxd1 24. Rxd1 c5 25. Qa4 b5 26. Qxb5 Ba6 27. Qd7 Bd4 28. Bg6+ Kh8 29. Bf7 Rd8 30. Qc7 Qb6 31. Qxb6 axb6 32. Ng6+ Kh7 33. Nxe5 Bb7 34. Nf3 Bxe4 35. Bg6+ Kg8 36. Kg2 Ra8 37. Re1 Bd5 38. b3 Rxa2+ 39. Kh3 Bf7 40. Nxd4 cxd4 41. Rd1 Bxb3 42. Rxd4 Kf8 43. Rb4 Bd5 44. Rxb6 Ke7 45. Kg4 Rxh2 46. Kf4 Re2 47. g4 Re4+ 48. Kg3 Rc4 49. Bh5 Bc6 50. Ra6 Rc3+ 51. Kf2 Bd5 52. Rg6 Kf8 53. Ra6 Rf3+ 54. Ke1 Rf4 55. Kd2 Rf1 56. Ke3 1/2-1/2

[Event "BCF-chT2 0102 (4NCL)"]
[Site "Birmingham"]
[Date "2001.09.22"]
[Round "1.1"]
[White "Cobb, James"]
[Black "Broom, Mark"]
[Result "1/2-1/2"]
[WhiteElo "2348"]
[BlackElo "2240"]
[PlyCount "64"]
[EventDate "2001.09.22"]
[EventType "team-tourn"]
[EventRounds "11"]
[EventCountry "ENG"]
[SourceTitle "EXT 2003"]
[Source "ChessBase"]
[SourceDate "2002.11.25"]
[SourceVersion "1"]
[SourceVersionDate "2002.11.25"]
[SourceQuality "1"]
[WhiteTeam "SW Dragons"]
[BlackTeam "Beeson Gregory III"]
[WhiteTeamCountry "ENG"]
[BlackTeamCountry "ENG"]

1. Nf3 d5 2. c4 c6 3. d4 Nf6 4. Qc2 g6 5. Nc3 Bg7 6. Bf4 Bf5 7. Qb3 Qb6 8. c5 Qxb3 9. axb3 0-0 10. e3 Nbd7 11. h3 Ne4 12. b4 Rfe8 13. Be2 e5 14. dxe5 Nxe5 15. Nxe5 Bxe5 16. Bxe5 Rxe5 17. 0-0 Nd2 18. Rfd1 Nb3 19. Ra3 Bc2 20. Re1 d4 21. Bd1 dxc3 22. Bxc2 Nd4 23. Rxc3 a5 24. f4 Nxc2 25. Rxc2 Re4 26. bxa5 Rxa5 27. Kf2 Rb5 28. Kf3 Ra4 29. Ree2 Raa5 30. Rcd2 Rb3 31. Rc2 Rbb5 32. Rcd2 Rb3 1/2-1/2